000
00344nam a2200145Ia 4500
008
151213s9999 xx 000 0 und d
100
_a
Hanry David
245
_a
Civil Disobedience
_c
Hanry David
260
_a
New York
_b
Penguing Books
300
_a
7330 p.
650
_a
English
650
_a
English
700
_a
Hanry David
999
_c
3897
_d
3897